| 000 | 01030cam a2200289 i 4500 | ||
|---|---|---|---|
| 001 | bg | ||
| 003 | KOSZ 005 | ||
| 005 | 20250626063633.0 | ||
| 008 | 990703s1999 pl a f f |000 0 pol | ||
| 015 | _aPB 1999/9482 | ||
| 020 | _a8372070857 | ||
| 040 |
_aWA N _cKOSZ 005/HR _dKOSZ 005/HR |
||
| 080 | _a519.8 | ||
| 080 | _a(075.8) | ||
| 100 | 1 |
_aStachurski, Andrzej _c(nauki techniczne). |
|
| 245 | 1 | 0 |
_aPodstawy optymalizacji / _cAndrzej Stachurski, Andrzej P. Wierzbicki. |
| 260 |
_aWarszawa : _bOficyna Wydawnicza Politechniki Warszawskiej, _c1999. |
||
| 300 |
_a232 s. : _brys., wykr. ; _c24 cm. |
||
| 504 | _aBibliogr. s. 220-224. | ||
| 655 | 4 | _aPodręczniki akademickie | |
| 650 | 4 | _aOptymalizacja | |
| 650 | 4 | _aProgramowanie liniowe | |
| 700 | 1 |
_aWierzbicki, Andrzej Piotr _d(1937- ) |
|
| 710 | 2 |
_aPolitechnika Warszawska. _bOficyna Wydawnicza. _4pbl. |
|
| 856 |
_uhttp://koha.tu.koszalin.pl/cgi-bin/koha/opac-detail.pl?biblionumber=36941 _yKatalog online BPK |
||
| 942 |
_2UKD _cKS |
||
| 999 |
_c36941 _d36941 |
||